000 00377nam a2200157 4500
005 20260130120440.0
020 _a9789395161787
082 _a664
_bSRI.F
084 _2Colon Classification
100 _aSrilakshmi,B
_98522
245 _aFood science
250 _a8th ed.
260 _a NewDelhi:
_b New Age International,
_c 2024.
300 _a538p.
942 _2ddc
_c GIF
999 _c755541
_d755541